[Event "Llobregat op 1st"]
[Site "Llobregat"]
[Date "2008.01.04"]
[Round "8"]
[White "Montiel, Juan Francisco"]
[Black "Sanchez Ibern, Eric"]
[Result "1/2-1/2"]
[WhiteElo "1821"]
[BlackElo "1984"]
[PlyCount "67"]
[EventDate "2007.12.26"]
[EventType "swiss"]
[EventRounds "9"]
[EventCountry "ESP"]
[SourceTitle "CBM 122 Extra"]
[Source "ChessBase"]
[SourceDate "2008.03.04"]
[SourceVersion "1"]
[SourceVersionDate "2008.03.04"]
[SourceQuality "1"]

1. d4 Nf6 2. f3 d5 3. e4 dxe4 4. Nc3 exf3 5. Nxf3 e6 6. Bg5 Be7 7. Bd3 0-0 8. 0-0 Nc6 9. Kh1 Nb4 10. Be2 b6 11. a3 Nbd5 12. Bd3 Nxc3 13. bxc3 Bb7 14. Qe1 h6 15. Bd2 c5 16. Qg3 Kh8 17. Qh3 Ne4 18. Ne5 Kg8 19. Rad1 Nxd2 20. Rxd2 Bd6 21. Nf3 Qe7 22. Rdf2 Rad8 23. Qh5 f5 24. Re2 Bxf3 25. Qxf3 cxd4 26. cxd4 Qh4 27. g3 Qxd4 28. Rxe6 f4 29. g4 Rfe8 30. Rd1 Qa4 31. Qd5 Rxe6 32. Qxe6+ Kh8 33. Qg6 Kg8 34. Qe6+ 1/2-1/2

[Event "Llobregat op 1st"]
[Site "Llobregat"]
[Date "2007.12.28"]
[Round "3"]
[White "Vila Seuba, Joan Carles"]
[Black "Montiel, Juan Francisco"]
[Result "1/2-1/2"]
[WhiteElo "1995"]
[BlackElo "1821"]
[PlyCount "77"]
[EventDate "2007.12.26"]
[EventType "swiss"]
[EventRounds "9"]
[EventCountry "ESP"]
[SourceTitle "CBM 122 Extra"]
[Source "ChessBase"]
[SourceDate "2008.03.04"]
[SourceVersion "1"]
[SourceVersionDate "2008.03.04"]
[SourceQuality "1"]

1. d4 d5 2. Nf3 Bf5 3. Bf4 e6 4. e3 h6 5. Ne5 Nf6 6. Bd3 Bxd3 7. Qxd3 Be7 8. Nd2 0-0 9. g4 Nbd7 10. Ndf3 Nxe5 11. Bxe5 Ne4 12. h4 f6 13. Bg3 Nxg3 14. fxg3 Qd6 15. Ke2 e5 16. Qf5 e4 17. Nd2 c5 18. c4 cxd4 19. exd4 Kh8 20. Qxd5 Qxg3 21. Qxe4 Bb4 22. Qf3 Rfe8+ 23. Kd3 Qc7 24. b3 b5 25. Rac1 Bxd2 26. Kxd2 Qa5+ 27. Qc3 Qxa2+ 28. Rc2 Qa6 29. g5 bxc4 30. bxc4 Qb7 31. d5 Re5 32. gxf6 gxf6 33. Rf1 Qg7 34. Qf3 f5 35. Kd1 Re4 36. Qc3 Rd4+ 37. Rd2 Rxh4 38. Qxg7+ Kxg7 39. Rxf5 1/2-1/2

[Event "Barcelona Sant Marti op 05th"]
[Site "Barcelona"]
[Date "2003.05.24"]
[Round "5.31"]
[White "Sabater Comas, Jordi"]
[Black "Montiel, Juan Francisco"]
[Result "1-0"]
[WhiteElo "2015"]
[BlackElo "1735"]
[PlyCount "59"]
[EventDate "2003.04.26"]
[EventType "swiss"]
[EventRounds "9"]
[EventCountry "ESP"]
[SourceTitle "EXT 2004"]
[Source "ChessBase"]
[SourceDate "2003.11.25"]
[SourceVersion "1"]
[SourceVersionDate "2003.11.25"]
[SourceQuality "1"]

1. e4 e6 2. d4 d5 3. Nc3 Bb4 4. Bd3 c5 5. Nf3 dxe4 6. Bxe4 f5 7. Bd3 cxd4 8. Nxd4 Bxc3+ 9. bxc3 Nf6 10. Ba3 Nc6 11. 0-0 a6 12. Rb1 Bd7 13. Rxb7 Qc8 14. Qb1 Nd5 15. Nxc6 Qxc6 16. c4 Nf4 17. f3 g5 18. Qb4 Ng6 19. Rd1 Rd8 20. Re1 Rf8 21. Rb6 Qc8 22. g4 Kf7 23. gxf5 exf5 24. Qd6 Rfe8 25. Qf6+ Kg8 26. Rxe8+ Rxe8 27. c5 Re1+ 28. Kf2 Qe8 29. Bc4+ Be6 30. Rxe6 1-0

[Event "Barcelona Sant Marti op 05th"]
[Site "Barcelona"]
[Date "2003.05.17"]
[Round "4.34"]
[White "Montiel, Juan Francisco"]
[Black "Fernandez, Felix Eduardo"]
[Result "1/2-1/2"]
[WhiteElo "1735"]
[BlackElo "1820"]
[PlyCount "82"]
[EventDate "2003.04.26"]
[EventType "swiss"]
[EventRounds "9"]
[EventCountry "ESP"]
[SourceTitle "EXT 2004"]
[Source "ChessBase"]
[SourceDate "2003.11.25"]
[SourceVersion "1"]
[SourceVersionDate "2003.11.25"]
[SourceQuality "1"]

1. d4 d6 2. Bg5 g6 3. e3 Bg7 4. Nd2 Nf6 5. Bxf6 Bxf6 6. Bd3 0-0 7. Ngf3 b6 8. 0-0 Bb7 9. Ne4 Bxe4 10. Bxe4 d5 11. Bd3 Nd7 12. h3 e5 13. dxe5 Nxe5 14. Nxe5 Bxe5 15. c3 c5 16. f4 Bg7 17. f5 Rc8 18. Qf3 d4 19. f6 Bh6 20. exd4 cxd4 21. c4 Be3+ 22. Kh1 Qd6 23. h4 Rc5 24. Qg4 Rh5 25. Rf5 Rxf5 26. Bxf5 Qxf6 27. Rf1 h5 28. Qg3 Re8 29. Bd3 Qe5 30. Qf3 Qe7 31. g3 Qe6 32. Kg2 b5 33. b3 a6 34. cxb5 axb5 35. Bxb5 Rc8 36. Bc4 Rxc4 37. bxc4 Qxc4 38. Qa8+ Kg7 39. Qf3 Qxa2+ 40. Kh1 Qe6 41. Kg2 Qa2+ 1/2-1/2

[Event "Barcelona Sant Marti op 05th"]
[Site "Barcelona"]
[Date "2003.05.03"]
[Round "2.22"]
[White "Montiel, Juan Francisco"]
[Black "Centeno Ortiz, Antonio"]
[Result "0-1"]
[WhiteElo "1735"]
[BlackElo "2150"]
[PlyCount "58"]
[EventDate "2003.04.26"]
[EventType "swiss"]
[EventRounds "9"]
[EventCountry "ESP"]
[SourceTitle "EXT 2004"]
[Source "ChessBase"]
[SourceDate "2003.11.25"]
[SourceVersion "1"]
[SourceVersionDate "2003.11.25"]
[SourceQuality "1"]

1. d4 Nf6 2. Bg5 d5 3. e3 Ne4 4. Bh4 g5 5. Bg3 Nxg3 6. hxg3 Bg7 7. Bd3 h6 8. g4 Nd7 9. Nf3 e5 10. dxe5 Nxe5 11. Nxe5 Bxe5 12. c3 Be6 13. Bf5 Qf6 14. Qc2 0-0-0 15. Na3 Kb8 16. Nb5 c5 17. 0-0-0 d4 18. c4 a6 19. Na3 Rd6 20. e4 d3 21. Rxd3 Bxb2+ 22. Kb1 Rxd3 23. Qxd3 Rd8 24. Qb3 Bxa3 25. Qxa3 Bxc4 26. Qxc5 Bd3+ 27. Kc1 Qa1+ 28. Kd2 Qb2+ 29. Ke1 Bf1 0-1